| 000 | 01495cam a2200289 a 4500 | ||
|---|---|---|---|
| 001 | 000013455 | ||
| 005 | 20200929163232.0 | ||
| 008 | 861121s1984 ve a b 100 0 spa | ||
| 040 |
_aDO-SdBNP _bspa _cBNPHU |
||
| 111 | 2 |
_aJornadas Internacionales sobre Pensamiento Comunitario. _n(1: _d1972 : 16 jul. _cMérida, Venezuela) _930730 |
|
| 245 | 1 | 0 | _aComunitarismo. |
| 260 |
_aMérida, Venezuela : _bCentro de Estudios Comunitarios, _c1984. |
||
| 300 |
_a4 v. : _bil. ; _c22 cm. |
||
| 500 | _aLas ponencias del I, II y III Jornadas celebradas en Mérida, Venezuela entre 1972 y 1982 | ||
| 504 | _aIncluye referencias bibliográficas y notas al pie de las páginas | ||
| 505 | 0 |
_gt. 1. _tComunitarismo -- |
|
| 505 | 0 |
_gt. 2 : _tPersonalismo, participación, estado comunitario, sociedad comunitaria y revolución -- |
|
| 505 | 0 |
_gt. 3.: _tSociedad de consumo. Modelo social de desarrollo, cooperativismo y marginalidad -- |
|
| 505 | 0 |
_gt. 4. : _tEconomía comunitaria, autogestión. Derecho, salud y comunidad. Manifiesto de la sociedad personalista y comunitaria. |
|
| 590 | _aLa biblioteca posee los tomos I y IV. | ||
| 650 | 4 |
_aSocialismo cristiano _vCONGRESOS _930731 |
|
| 650 | 4 |
_aDemocracia cristiana _vCONGRESOS _930732 |
|
| 650 | 4 |
_aCooperación _vCONGRESOS _930733 |
|
| 650 | 4 |
_aCooperativa de sociedades _zVenezuela _vCONGRESOS _930734 |
|
| 650 | 4 |
_aAdministración _xParticipación de empleados _vCONGRESOS _930735 |
|
| 710 | 2 |
_aCentro de Estudios Comunitarios (Mérida, Venezuela) . _930736 |
|
| 999 |
_c13081 _d13081 |
||